000
00285nam a2200109Ia 4500
008
240521s2008 xx 000 0 und d
041
_a
eng
100
_a
HUNT S.
245
_a
THE WRIGHT EXPERIENCE,A MASTER ARCHITECT VISION
260
_b
SARABAND LTD SCOTLAND.
_c
2008
300
_a
172
999
_c
1161067
_d
1161067